000 00455nam a2200181 i 4500
001 bg
100 1 _aFARKAS, JOZSEF
245 0 _aOptimum design of metal structures /
_cJozsef Farkas.
260 _aBudapest :
_bAkademiai Kiado,
_c1984.
650 9 _aKonstrukcje metalowe
020 _a9630534355
040 _cBPK
041 _apol
080 _a624.01/.07
920 _a963-05-3435-5
942 _cKS
008 s pl f |000 0 pol
999 _c28044
_d28044
856 _uhttp://koha.tu.koszalin.pl/cgi-bin/koha/opac-detail.pl?biblionumber=28044
_yKatalog online BPK